000 00425nam a2200169Ia 4500
008 090711s9999 xx 000 0 und d
082 _b12653
100 _aपाध्ये भाऊ
245 _aकरंटा
260 _c1961
300 _a100
600 _aपाध्ये भाऊ
630 _aकरंटा
700 _aपाध्ये भाऊ
730 _aकरंटा
942 _cBOOK
999 _c294439
_d294439